Представление документа в формате RUSMARC

ПолеНазваниеЗначение
  Тип записи a
  Библиографический уровень m
001 Контрольный номер e6732e23cea74b2ab10401c8784e5174
005 Дата корректировки 20161018113529.6
010 Индекс ISBN __
a ISBN 978-5-4383-0039-7
101 Язык документа 0_
a Язык текста rus
102 Страна публикации __
a Страна публикации RU
200 Заглавие и сведения об ответственности 1_
a Заглавие Организация и планирование деятельности предприятий сферы сервиса
b Общее обозначение материала Текст
e Сведения, относящиеся к заглавию учеб. пособие
f Первые сведения об ответственности Т. А. Казакевич
210 Выходные данные 1_
a Место издания СПб.
c Издательство ИЦ Интермедия
d Дата издания 2014
215 Физическое описание __
a Объем 186 с.
610 Ключевые слова 0_
a Ключевые слова экономика предприятий
a Ключевые слова предприятия сервиса
a Ключевые слова сервис
a Ключевые слова организация
a Ключевые слова стратегическое управление
a Ключевые слова планирование
a Ключевые слова проектирование
a Ключевые слова качество обслуживания
a Ключевые слова учебные издания
a Ключевые слова учебные пособия
a Ключевые слова учебное пособие
a Ключевые слова высшая школа
686 Индексы других классификаций __
a Классификационный индекс 65.206я73
700 Автор _1
a Фамилия Казакевич
b Имя Т. А.
801 Источник записи _0
a Страна RU
b Организация РУК
g Правила каталогизации PSBO
c Дата составления 20161015
801 Источник записи _1
a Страна RU
b Организация РУК
g Правила каталогизации PSBO
852 Данные о местонахождении __
i Авторский знак К 14
j Шифр хранения ББК 65.206
901 Тип документа __
t Тип документа m
937 Технологическая информация __
a Создатель записи (имя) Зверева
938 Служебная информация __
a Название организации Головной вуз